बाल शिक्षा (Record no. 344964)
[ view plain ]
| 000 -LEADER | |
|---|---|
| fixed length control field | 00823nam a2200253Ia 4500 |
| 003 - CONTROL NUMBER IDENTIFIER | |
| control field | OSt |
| 005 - DATE AND TIME OF LATEST TRANSACTION | |
| control field | 20220923220927.0 |
| 008 - FIXED-LENGTH DATA ELEMENTS--GENERAL INFORMATION | |
| fixed length control field | 220922b |||||||| |||| 00| 0 hin d |
| 037 ## - SOURCE OF ACQUISITION | |
| Terms of availability | Textual |
| 040 ## - CATALOGING SOURCE | |
| Original cataloging agency | ARTS |
| Transcribing agency | ARTS |
| Language of cataloging | hin |
| 041 ## - LANGUAGE CODE | |
| Source of code | hin |
| Language code of text/sound track or separate title | hin |
| 100 ## - MAIN ENTRY--PERSONAL NAME | |
| Personal name | वर्मा, रामचन्द्र, अनु. |
| 245 #0 - TITLE STATEMENT | |
| Title | बाल शिक्षा |
| 246 ## - VARYING FORM OF TITLE | |
| Title proper/short title | Bāl shikṣhā |
| 250 ## - EDITION STATEMENT | |
| Edition statement | संस्क0 2 |
| 260 ## - PUBLICATION, DISTRIBUTION, ETC. | |
| Date of publication, distribution, etc. | 1928 |
| 490 ## - SERIES STATEMENT | |
| Series statement | काशी नागरी प्रचारिणी सभा, प्रकीर्णक पुस्तकमाला; 10 |
| 942 ## - ADDED ENTRY ELEMENTS (KOHA) | |
| Classification part | T1, 152F8 |
| Koha item type | Textual |
| Source of classification or shelving scheme | Colon Classification (CC) |
| Withdrawn status | Lost status | Damaged status | Not for loan | Home library | Current library | Date acquired | Total Checkouts | Full call number | Barcode | Date last seen | Price effective from | Koha item type |
|---|---|---|---|---|---|---|---|---|---|---|---|---|
| Arts Library | Arts Library | 2022-09-23 | T1 152F8 | AL0053141 | 2022-09-23 | 2022-09-23 | Textual |
